000 01245cam a2200265 i 4500
003 SA-RiAUC
005 20241212065404.0
008 241211s1993 tu g f10000 ara c
040 _aJO-MaAABU
_bara
_cSA-RiAUC
_erda
050 0 _b. N22 1991
082 0 4 _a745.5
090 _a745.5
_bن د و
111 2 _aالندوة الدولية لآفاق تنمية الصناعات التقليدية في الدول الإسلامية
_d( 1991 :
_cالرباط)
245 1 0 _aآفاق تنمية الصناعات التقليدية في الدول الإسلامية 1991، الرباط /
_cإعداد نزيه معروف، صالح سعداوي.
264 1 _aإسطنبول، تركيا :
_bمركز الأبحاث للتاريخ والفنون والثقافة الإسلامية،
_c1993
300 _a225 صفحة
336 _aنص
_btxt
_2rdacontent
_3كتاب
337 _aبدون وسيط
_bn
_2rdamedia
338 _aمجلد
_bnc
_2rdacarrier
650 7 _aالحرف اليدوية
_zالبلاد الإسلامية
_vمؤتمرات
_2aucsh
700 1 _aمعروف، نزيه طالب
_eمعد.
700 1 _aسعداوي، صالح،
_d1947-
_eمعد.
942 _2ddc
_cBOOK
_n0
949 _aSA-JeALM
_d241211
_umohamedma123
_n1
999 _c3381
_d3381